| 000 | 00667nam a2200193Ia 4500 | ||
|---|---|---|---|
| 008 | 150610s9999 xx 000 0 und d | ||
| 020 | _a9780805075014 | ||
| 050 |
_aPR2909 _b.W45 2007 |
||
| 100 | _aWeis, Rene, 1953- | ||
| 245 |
_aShakespeare Unbound: _bdecoding a hidden life / _cRene Weis. |
||
| 250 | _a1st ed. | ||
| 260 |
_aNew York : _bHenry Holt and Company, _c2007. |
||
| 300 |
_a479pages ; _c24 cm. |
||
| 504 | _aIncludes index. | ||
| 520 | _aPsychology. | ||
| 650 |
_aDramatists, English-Early modern, 1500-1700 _bBiography. |
||
| 650 |
_aDramatists, English-Early modern, 1500-1700 _xPsychology. |
||
| 650 |
_aShakespeare, William, 1564-1616 _xBiography. |
||
| 999 |
_c288028 _d288028 |
||